Internal Security: (Record no. 192978)

MARC details
000 -LEADER
fixed length control field 00725nam a22002297a 4500
005 - DATE AND TIME OF LATEST TRANSACTION
control field 20221012122401.0
010 ## - LCCN (DPL NO)
LC control number B-745949
020 ## - INTERNATIONAL STANDARD BOOK NUMBER
International Standard Book Number 9789352666829
Terms of availability 325.00
035 ## - SYSTEM CONTROL NUMBER
System control number B-745949
037 ## - SOURCE OF ACQUISITION
Source of stock number/acquisition Prabhat Paperbacks
082 ## - DEWEY DECIMAL CLASSIFICATION NUMBER
Classification number 352.379
100 ## - MAIN ENTRY--PERSONAL NAME
Personal name Ramaswamy B.
245 ## - TITLE STATEMENT
Title Internal Security:
Remainder of title issues, challenges, threats & linkages/
Statement of responsibility, etc B. Ramaswamy
250 ## - EDITION STATEMENT
Edition statement 1st
260 ## - PUBLICATION, DISTRIBUTION, ETC. (IMPRINT)
Place of publication, distribution, etc New Delhi
Name of publisher, distributor, etc Prabhat Paperbacks
Date of publication, distribution, etc 2019
270 ## - ADDRESS
Address 4/19 Asaf Ali Road,
City New Delhi
Postal code 110002
300 ## - PHYSICAL DESCRIPTION
Extent v,278p.
Dimensions 24cm (pbk)
700 ## - ADDED ENTRY--PERSONAL NAME
Personal name Pushpa, Sasikala
700 ## - ADDED ENTRY--PERSONAL NAME
Personal name Mary A.V. SR.
942 ## - ADDED ENTRY ELEMENTS (KOHA)
Source of classification or shelving scheme Dewey Decimal Classification
Item type English Books
Call number suffix RAM
Classification part 352.379
Holdings
Withdrawn status Lost status Not for loan Collection code Home library Current library Date acquired Source of acquisition Cost, normal purchase price Full call number Barcode Copy number Cost, replacement price Koha item type Public note
      Non-fiction Central Library Central Library 12/10/2022 6.10.22/Gift 325.00 352.379 RAM B-745949 1 325.00 English Books Gift

© Delhi Public Library
Hit Counter
free hit counter